Devinez la Capitale Mystère #82 - Statistiques

Statistiques générales
  • Ce quiz a été pris 156 fois
  • Le résultat moyen est 29 sur 35
Statistiques - réponses
Type de Réponse Réponse % Correct
Lettre Trouvée I
100%
Lettre Trouvée A
99%
Lettre de l'Alphabet E
99%
Lettre Trouvée N
99%
Lettre de l'Alphabet R
99%
Lettre Trouvée S
99%
Lettre de l'Alphabet O
98%
Lettre de l'Alphabet T
97%
Lettre de l'Alphabet L
95%
Lettre de l'Alphabet P
95%
Lettre de l'Alphabet B
94%
Lettre de l'Alphabet G
92%
Lettre Bien Placée I
92%
Lettre de l'Alphabet D
91%
Lettre Trouvée H
91%
Lettre de l'Alphabet M
90%
Lettre Bien Placée N
90%
Lettre Trouvée U
90%
Lettre Trouvée C
85%
Lettre de l'Alphabet K
85%
Lettre de l'Alphabet W
81%
Lettre de l'Alphabet V
72%
Lettre de l'Alphabet Y
72%
Lettre Bien Placée Ă
70%
Lettre Bien Placée C
69%
Lettre Bien Placée Ș
69%
Lettre de l'Alphabet X
68%
Lettre Bien Placée I
64%
Lettre de l'Alphabet J
64%
Lettre de l'Alphabet Z
63%
Lettre de l'Alphabet F
58%
Lettre Bien Placée U
58%
Lettre de l'Alphabet Q
56%
Capitale Mystère Chișinău
53%
Lettre Bien Placée H
53%
Aucun quiz correspondant
Distribution des résultats
% des personnes avec chaque résultat
Percentile par nombre de réponses
Votre historique - résultats
Vous n’avez pas pris ce quiz